| 000 | 00991nam a2200217 i 4500 | ||
|---|---|---|---|
| 001 | 181175 | ||
| 003 | ES-MaACL | ||
| 005 | 20251003063156.0 | ||
| 008 | 121029s1913 sp |||| | spa d | ||
| 100 | 1 |
_aBallvé, Faustino, _d1887-1958 _925088 |
|
| 245 | 1 | 3 |
_aLa teoría jurídica del delito según Beling / _cpor Faustino Ballvé. |
| 260 |
_a[Madrid : _bJunta para Ampliación de Estudios e Investigaciones Científicas], _c1913 ( _eMadrid : _fImp. de Fortanet) |
||
| 300 |
_aP. 148-205 ; _c23 cm. |
||
| 490 | 1 |
_aAnales de la Junta para Ampliación de Estudios e Investigaciones Científicas ; _vt. 9, memoria 4 |
|
| 600 | 0 | 4 |
_aBeling, Ernst. _927168 |
| 650 | 4 |
_aTeoría jurídica del delito. _9145060 |
|
| 710 | 2 |
_aJunta para la Ampliación de Estudios e Investigaciones Científicas. _95413 |
|
| 830 | 0 |
_aAnales de la Junta para Ampliación de Estudios e Investigaciones Científicas ; _vt. 9, memoria 4 _9186710 |
|
| 852 |
_aES-MaACL _jB-13165(3) |
||
| 999 |
_c181175 _d181175 |
||